[Event "Barletta Mascolo Memorial 5th"]
[Site "Barletta"]
[Date "2013.10.06"]
[Round "5"]
[White "Brunetti, Alberto"]
[Black "Marrone, Vincenzo"]
[Result "1-0"]
[WhiteElo "1797"]
[BlackElo "1933"]
[PlyCount "59"]
[EventDate "2013.09.28"]
[EventType "swiss"]
[EventRounds "6"]
[EventCountry "ITA"]
[SourceTitle "EXT 2015"]
[Source "ChessBase"]
[SourceDate "2014.11.20"]
[SourceVersion "1"]
[SourceVersionDate "2014.11.20"]
[SourceQuality "1"]

1. d4 Nf6 2. c4 e6 3. Nf3 b6 4. a3 Bb7 5. Nc3 d5 6. e3 c5 7. Bd3 Be7 8. 0-0 0-0 9. Qe2 Nc6 10. Rd1 Na5 11. cxd5 Nb3 12. Rb1 cxd4 13. dxe6 Bxf3 14. gxf3 fxe6 15. Bc4 Nxc1 16. Rbxc1 Nd5 17. Nxd5 exd5 18. Rxd4 Kh8 19. Bxd5 Rc8 20. Rcd1 Qe8 21. Be4 Bf6 22. Rd5 Rc7 23. Qd3 g6 24. Qe2 Qc8 25. Kg2 Rc5 26. f4 Qe6 27. Bf3 Rfc8 28. Bg4 Qe4+ 29. f3 Rc2 30. fxe4 1-0